Things that Rhyme With "oose" - Statistics

General Stats
  • This quiz has been taken 19,811 times
  • The average score is 12 of 20
Answer Stats
Hint Answer % Correct
A group of these is called a gaggle Goose
96%
And angle between 90° and 180° Obtuse
80%
Largest species of cervid Moose
77%
"Doctor" of children's literature Seuss
67%
One of the weapons in the board game "Clue" Noose
66%
Either an airy pudding or a hair-styling cream Mousse
64%
40-40 in tennis Deuce
63%
1984 dance movie starring Kevin Bacon Footloose
63%
Word used to describe slot machines which pay out easily Loose
61%
Cessation of hostilities Truce
58%
In a² + b² = c², this is c Hypotenuse
56%
Nickname of O. J. Simpson Juice
56%
Type of evergreen tree Spruce
55%
King of Scots from 1306–1329: Robert the _____ Bruce
51%
One who lives in isolation Recluse
50%
Jupiter, by another name Zeus
50%
To reach a conclusion by applying rules of logic to known facts Deduce
45%
To procreate Reproduce
42%
Greenish-yellow color Chartreuse
33%
10th brightest star in the night sky Betelgeuse
30%
No matching quizzes found
Score Distribution
Percent of People with Each Score
Percentile by Number Answered
Your Score History
You have not taken this quiz